000 00434nam a2200145Ia 4500
008 230411s9999 xx 000 0 und d
020 _a978-93-90619-65-8
041 _aeng
082 _aA/611/GAR/B09821
100 _aGarg Krishna Ed.
245 _aB D Chaurasias Applied Anatomy and Physiology for BSc Nursing Students
260 _bCBS Publishers & Distributors
_aNew Delhi
_c2022
300 _a738p
999 _c158687
_d158687